Normal view
MARC view
Entry Corporate Name
001 - CONTROL NUMBER
- control field: 14458
003 - CONTROL NUMBER IDENTIFIER
- control field: OSt
005 - DATE AND TIME OF LATEST TRANSACTION
- control field: 20211105133812.0
008 - FIXED-LENGTH DATA ELEMENTS
- fixed length control field: 211105|| aca||aabn | a|a d
040 ## - CATALOGING SOURCE
- Original cataloging agency: OSt
- Transcribing agency: OSt
110 ## - HEADING--CORPORATE NAME
- Corporate name or jurisdiction name as entry element: Boston Univeristy
670 ## - SOURCE DATA FOUND
- Source citation: Work cat.: (OSt): Symposium of the International Astronomical Union on the Search for Extraterrestrial Life, Recent Developmnents 112th Boston 1984 June 18-21 14456, The search for extraterrestrial life: recent developmnents, 1985